El Clásico XIs 2005-2010 - Statistics

General Stats
  • This quiz has been taken 472 times
  • The average score is 36 of 67
Answer Stats
Answer % Correct
Cristiano Ronaldo
96%
Iker Casillas
96%
Lionel Messi
96%
Ronaldo
95%
Sergio Ramos
94%
Víctor Valdés
94%
Xavi
94%
Andrés Iniesta
93%
Carles Puyol
93%
Gerard Piqué
86%
Ronaldinho
86%
Samuel Eto'o
86%
Sergio Busquets
86%
Raúl
80%
Dani Alves
79%
Thierry Henry
78%
Zinedine Zidane
77%
Éric Abidal
76%
David Beckham
73%
Pepe
73%
Roberto Carlos
73%
Gonzalo Higuaín
72%
Marcelo
71%
Pedro
70%
Guti
67%
Kaká
67%
Yaya Touré
63%
Xabi Alonso
60%
Deco
59%
Rafael Márquez
59%
Ruud van Nistelrooy
57%
Álvaro Arbeloa
55%
Lassana Diarra
54%
Mahamadou Diarra
53%
Arjen Robben
52%
Fabio Cannavaro
52%
Míchel Salgado
49%
Raúl Albiol
49%
Seydou Keita
49%
Maxwell
43%
Robinho
43%
Wesley Sneijder
42%
Iván Helguera
41%
Giovanni van Bronckhorst
40%
Gianluca Zambrotta
37%
Sylvinho
36%
Fernando Gago
35%
Mark van Bommel
31%
Oleguer
30%
Henrik Larsson
29%
Rafael van der Vaart
29%
Gabriel Heinze
27%
Lilian Thuram
27%
Gabriel Milito
26%
Edmílson
25%
Eiður Guðjohnsen
24%
Júlio Baptista
23%
Thiago Motta
23%
Bojan Krkić
21%
Emerson
18%
Ezequiel Garay
18%
Christoph Metzelder
17%
Royston Drenthe
17%
Cicinho
16%
Pablo García
15%
Miguel Torres
14%
Raúl Bravo
14%
No matching quizzes found
Score Distribution
Percent of People with Each Score
Percentile by Number Answered
Your Score History
You have not taken this quiz